Melodious Geography Blitz Quiz Stats

 Plays Quiz Updated Nov 16, 2015

Also try: Divided Bands
Challenge
Share
Tweet
Embed
Score 0/32 Timer 01:00
7 Plays Today
% Correct
Chicago
92%
Boston
91.1%
Kansas
90.4%
Alabama
89.1%
Frankie Goes to Hollywood
88.7%
Buffalo Springfield
88.7%
Miami Sound Machine
88.5%
Europe
88%
John Denver
87.9%
The Manhattan Transfer
87.7%
Berlin
87.5%
Asia
86.7%
Tokyo Police Club
83.3%
L.A. Guns
81.9%
Texas
81.8%
Phoenix
81.8%
% Correct
Death in Vegas
81.6%
Japan
80.5%
London Grammar
80.1%
Portugal. The Man
78.6%
Nazareth
77.8%
Architecture in Helsinki
77.5%
Hiroshima
77.5%
China Crisis
77%
Beirut
76.9%
Thelma Houston
76.6%
Amsterdam Klezmer Band
76.3%
Youngstown
68.7%
Good Charlotte
66.1%
Mannheim Steamroller
64%
Spandau Ballet
45.7%
Calexico
33.3%

You're not logged in!

Compare scores with friends on all Sporcle quizzes.
OR
Log In

You Might Also Like...

Show Comments

Extras

Top Quizzes Today


Score Distribution

Your Account Isn't Verified!

In order to create a playlist on Sporcle, you need to verify the email address you used during registration. Go to your Sporcle Settings to finish the process.

Report this User

Report this user for behavior that violates our Community Guidelines.

Details: